000
00316nam a22001457a 4500
008
210514b ||||| |||| 00| 0 eng d
020
_a
2901591840533
041
_a
eng
080
_a
32
082
_a
32
100
_a
19
101
_a
SHP
245
_a
The Smartest Guys in The Room
_c
Lean,B,M
942
_2
udc
_c
BK
999
_c
57331
_d
57331